Zwycięscy Ligi Mistrzów - Statystyki

Ogólne statystyki
  • Ten quiz został rozwiązany 229 razy
  • Średni wynik to 48 z 68
Statystyki odpowiedzi
Hint Odpowiedź % Poprawnych
2022 Real Madryt
99%
2018 Real Madryt
99%
2017 Real Madryt
99%
2016 Real Madryt
99%
2014 Real Madryt
99%
2002 Real Madryt
99%
2000 Real Madryt
99%
1998 Real Madryt
99%
1966 Real Madryt
99%
1960 Real Madryt
99%
1959 Real Madryt
99%
1958 Real Madryt
99%
1957 Real Madryt
99%
1956 Real Madryt
99%
2015 FC Barcelona
95%
2011 FC Barcelona
95%
2009 FC Barcelona
95%
2006 FC Barcelona
95%
1992 FC Barcelona
95%
2023 Manchester City
92%
2019 Liverpool
85%
2005 Liverpool
85%
1984 Liverpool
85%
1981 Liverpool
85%
1978 Liverpool
85%
1977 Liverpool
85%
2020 Bayern Monachium
83%
2013 Bayern Monachium
83%
2001 Bayern Monachium
83%
1976 Bayern Monachium
83%
1975 Bayern Monachium
83%
1974 Bayern Monachium
83%
2007 AC Milan
82%
2003 AC Milan
82%
1994 AC Milan
82%
1990 AC Milan
82%
1989 AC Milan
82%
1969 AC Milan
82%
1963 AC Milan
82%
2021 Chelsea
82%
2012 Chelsea
82%
2010 Inter
82%
1965 Inter
82%
1964 Inter
82%
1996 Juventus
66%
1985 Juventus
66%
1995 Ajax Amsterdam
61%
1973 Ajax Amsterdam
61%
1972 Ajax Amsterdam
61%
1971 Ajax Amsterdam
61%
2004 FC Porto
61%
1987 FC Porto
61%
1997 Borussia Dortmund
60%
1962 Benfica
42%
1961 Benfica
42%
1980 Nottingham Forest
34%
1979 Nottingham Forest
34%
1967 Celtic
30%
1982 Aston Villa
28%
1993 Olympique Marsylia
19%
1986 Steaua Bukareszt
18%
1988 PSV Eindhoven
14%
1970 Feyenord
11%
1983 Hamburg SV
10%
1991 Red Star Belgrad
9%
2008 Manchester Unidet
5%
1999 Manchester Unidet
5%
1968 Manchester Unidet
5%
Nie znaleziono quizów pasujących do podanych kryteriów
Rozkład punktacji
Procent ludzi z każdym wynikiem
Percentyl według liczby udzielonych odpowiedzi
Twoja historia wyników
Nie rozwiązałeś tego quizu